000
00297nam a22001337a 4500
008
260324b ||||| |||| 00| 0 eng d
020
_a
9789951059190
041
_a
Shqip
080
_a
821.18
100
_a
25
101
_a
Tregime
245
_a
Agimet e Kaltra
_c
Qamil Batalli
942
_2
udc
_c
BK
999
_c
60929
_d
60929